000 01381cam a22002054a 4500
005 20250605164131.0
008 250528s ||||||||||||||||||||||||d
035 _a18635
020 _a8820803097
040 _aGR-AtMCL
_bgre
_dGR-AtMCL
_eAACR2
245 1 _aMXL Mostra Internazionale del Cinema
260 _bLa Biennale Di Venezia,
_c1983
300 _a340
505 0 _aPresentazione, Introduzione, Venezia XL - Sezione Competitiva, Venezia Giovani - Sezione Competitiva, Venezia Giorno - Sezione Non Competitiva, Venezia Notte - Sezione Non Competitiva, Venezia Giorno - Programmi Specialisezione non Competitiva, Venezia De Sica - Sezione non Competitiva, Giornata Scuole - Sezione non Competitiva, La Giuria, Venezia TV, Venezia Ieri, Michelangelo Antonioni - Leone d'Oro alla Carrira Per Il 1983.
520 _aPresentazione, Introduzione, Venezia XL - Sezione Competitiva, Venezia Giovani - Sezione Competitiva, Venezia Giorno - Sezione Non Competitiva, Venezia Notte - Sezione Non Competitiva, Venezia Giorno - Programmi Specialisezione non Competitiva, Venezia De Sica - Sezione non Competitiva, Giornata Scuole - Sezione non Competitiva, La Giuria, Venezia TV, Venezia Ieri, Michelangelo Antonioni - Leone d'Oro alla Carrira Per Il 1983.
710 2 _aLa Biennale Settore Cinema E Spettacolo Televiso
_99761
942 _cBK
999 _c3982
_d3982